[Event "AUTO-OPEN-1974"]
[Site "http://www.queenalice.com/game.php?id=774431"]
[Date "2010.5.12"]
[Round "1"]
[White "levi"]
[Black "KAXY"]
[Result "1-0"]
[WhiteElo "2311"]
[BlackElo "1676"]

1. e4 e5 2. Nf3 d6 3. d4 Bg4 4. dxe5 Bxf3 5. gxf3 dxe5 6. Qxd8+ Kxd8 7. f4 exf4
8. Bxf4 Ne7 9. Nc3 Ng6 10. O-O-O+ Nd7 11. Bg3 Be7 12. Bh3 Bg5+ 13. Kb1 Bf4 14.
Rxd7+ Ke8 15. Nd5 Bxg3 16. hxg3 Ne5 17. Nxc7+ Kf8 18. Rd5 Rc8 19. Bxc8 Ke7 20.
Rxe5+ Kf6 21. f4 Rxc8 22. Nd5+ Kg6 23. Rg5# 1-0

[Event "AUTO-OPEN-1974"]
[Site "http://www.queenalice.com/game.php?id=774432"]
[Date "2010.5.12"]
[Round "1"]
[White "KAXY"]
[Black "levi"]
[Result "0-1"]
[WhiteElo "1651"]
[BlackElo "2313"]

1. d4 d5 2. e3 Nf6 3. Ne2 Nc6 4. Ng3 e5 5. Bb5 Bd6 6. Bxc6+ bxc6 7. dxe5 Bxe5 8.
Nc3 Ba6 9. Nce2 O-O 10. c3 Qd7 11. O-O h5 12. Nf4 Bxf1 13. Qxf1 Bxf4 14. exf4 h4
15. Nh1 h3 16. gxh3 c5 17. f3 d4 18. Bd2 d3 19. Nf2 Rab8 20. b3 c4 21. b4 Rfe8
22. Re1 c5 23. Rxe8+ Rxe8 24. h4 Re2 25. Qd1 Qc6 26. Ne4 Nxe4 27. Bc1 Qg6+ 28.
Kh1 Qg2# 0-1

[Event "AUTO-OPEN-1974"]
[Site "http://www.queenalice.com/game.php?id=774433"]
[Date "2010.5.12"]
[Round "1"]
[White "levi"]
[Black "Braimondi"]
[Result "1-0"]
[WhiteElo "2309"]
[BlackElo "1783"]

1. e4 c5 2. Nf3 d6 3. c3 Nf6 4. Be2 g6 5. O-O Bg7 6. Bb5+ Bd7 7. Bxd7+ Nbxd7 8.
d3 O-O 9. Bg5 h6 10. Be3 e6 11. Na3 a6 12. b4 Ng4 13. d4 Nxe3 14. fxe3 cxb4 15.
cxb4 Qb6 16. Qa4 Nf6 17. e5 dxe5 18. Nxe5 Rfd8 19. Nac4 Qa7 20. Qa5 b5 21. Nc6
Qd7 22. N4e5 Qd6 23. Nxd8 Rxd8 24. a4 Nd5 25. Nxf7 1-0

[Event "AUTO-OPEN-1974"]
[Site "http://www.queenalice.com/game.php?id=774434"]
[Date "2010.5.12"]
[Round "1"]
[White "Braimondi"]
[Black "levi"]
[Result "0-1"]
[WhiteElo "1881"]
[BlackElo "2310"]

1. e4 e5 2. Nf3 Nc6 3. d4 exd4 4. Nxd4 Nf6 5. Nxc6 bxc6 6. Bd3 d5 7. O-O dxe4 8.
Re1 Be6 9. Ba6 Qxd1 10. Rxd1 Rb8 11. b3 Nd5 12. a3 Bd6 13. Bb2 O-O 14. Nd2 e3
15. Ne4 Bf4 16. Bd4 exf2+ 17. Kxf2 Bg4 18. Be2 Bxe2 19. Kxe2 Rbe8 20. Kf3 f5 21.
Nc5 g5 22. Nd7 Rf7 23. Nc5 Rfe7 24. g3 Be3 25. Bxe3 Rxe3+ 26. Kf2 Rc3 27. Nd3
Rxc2+ 0-1

[Event "AUTO-ELITE-548"]
[Site "http://www.queenalice.com/game.php?id=775015"]
[Date "2010.5.13"]
[Round "1"]
[White "levi"]
[Black "Conde7"]
[Result "0-1"]
[WhiteElo "2314"]
[BlackElo "2631"]

1. e4 c5 2. Nf3 e6 3. d4 cxd4 4. Nxd4 a6 5. c4 Nf6 6. Nc3 Qc7 7. a3 b6 8. Be2
Bb7 9. O-O Nxe4 10. Nxe4 Bxe4 11. f3 Nc6 12. fxe4 Nxd4 13. Bh5 g6 14. Be3 Nc6
15. Bf3 Bc5 16. Bxc5 bxc5 17. Qd2 Rb8 18. Rab1 O-O 19. b3 a5 20. Rfe1 Nd4 21.
Bd1 f5 22. e5 f4 23. Kh1 Rf5 24. Re4 f3 0-1

[Event "AUTO-ELITE-548"]
[Site "http://www.queenalice.com/game.php?id=775016"]
[Date "2010.5.13"]
[Round "1"]
[White "Conde7"]
[Black "levi"]
[Result "1-0"]
[WhiteElo "2633"]
[BlackElo "2312"]

1. e4 e5 2. Nf3 Nc6 3. Bb5 Nf6 4. Nc3 Bb4 5. O-O O-O 6. d3 d6 7. Bg5 Bxc3 8.
bxc3 Qe7 9. Re1 Nd8 10. d4 Ne6 11. Bc1 c5 12. a4 Nc7 13. h3 Nxb5 14. axb5 a5 15.
Bg5 b6 16. Qd3 h6 17. Bh4 Bb7 18. d5 g5 19. Nxg5 hxg5 20. Bxg5 Kg7 21. Qg3 Rg8
22. Re3 Kf8 23. Qh4 Rxg5 24. Qxg5 Ke8 25. c4 Nd7 26. Qg4 1-0

[Event "AUTO-OPEN-1661"]
[Site "http://www.queenalice.com/game.php?id=783849"]
[Date "2010.6.1"]
[Round "3"]
[White "Clauceri"]
[Black "levi"]
[Result "0-1"]
[WhiteElo "1879"]
[BlackElo "2312"]

1. c4 Nf6 2. Nc3 c5 3. Nf3 Nc6 4. d4 cxd4 5. Nxd4 e6 6. e4 Bb4 7. a3 Bxc3+ 8.
bxc3 Nxe4 9. Qf3 Qa5 10. Nxc6 bxc6 11. Bd2 Nxd2 12. Kxd2 O-O 13. Bd3 f5 14. Qh3
Rb8 15. g4 Rb2+ 16. Ke3 Qe5+ 17. Kf3 fxg4+ 18. Kxg4 Rf4+ 0-1

[Event "AUTO-OPEN-1661"]
[Site "http://www.queenalice.com/game.php?id=783850"]
[Date "2010.6.1"]
[Round "3"]
[White "levi"]
[Black "Clauceri"]
[Result "1-0"]
[WhiteElo "2321"]
[BlackElo "1884"]

1. e4 c6 2. Nf3 d5 3. Nc3 dxe4 4. Nxe4 Bf5 5. Ng3 Bg4 6. Be2 Bxf3 7. Bxf3 e6 8.
O-O Nf6 9. d4 Be7 10. Bf4 Bd6 11. Bg5 h6 12. Bxf6 Qxf6 13. c3 Nd7 14. Ne4 Qh4
15. Nxd6+ 1-0

[Event "AUTO-OPEN-1661"]
[Site "http://www.queenalice.com/game.php?id=783851"]
[Date "2010.6.1"]
[Round "3"]
[White "Bigorna"]
[Black "levi"]
[Result "0-1"]
[WhiteElo "1951"]
[BlackElo "2314"]

1. e4 e5 2. Nf3 Nc6 3. Bb5 a6 4. Ba4 Nf6 5. d3 d6 6. Bxc6+ bxc6 7. h3 Be7 8. c4
O-O 9. O-O Nd7 10. Nc3 Bb7 11. Na4 d5 12. Qb3 Rb8 13. Be3 d4 14. Bd2 c5 15. Qd1
f5 16. Re1 Bc6 17. b3 Ra8 18. a3 Rc8 19. Qc1 Qe8 20. Bg5 Rb8 21. Rb1 Bd6 0-1

[Event "AUTO-OPEN-1493"]
[Site "http://www.queenalice.com/game.php?id=789088"]
[Date "2010.6.12"]
[Round "3"]
[White "levi"]
[Black "doomedbr"]
[Result "0-1"]
[WhiteElo "2315"]
[BlackElo "2211"]

1. e4 e5 2. Nf3 Nc6 3. Bb5 a6 4. Ba4 Nf6 5. O-O Be7 6. Re1 b5 7. Bb3 O-O 8. d3
Bc5 9. c3 d6 10. d4 Bb6 11. Bg5 Qe8 12. Bxf6 gxf6 13. Bd5 Rb8 14. Qd2 Kg7 15. a4
bxa4 16. Na3 Na5 17. Nh4 Rg8 18. Nc2 c6 19. Ba2 Qf8 20. Nb4 Kh8 21. g3 Qg7 22.
dxe5 dxe5 23. Qd6 Bg4 24. Nxc6 Nxc6 25. Qxc6 Qg5 26. Bxf7 Qxh4 27. Rf1 Rg7 28.
Qd6 Rbg8 0-1

[Event "AUTO-OPEN-1493"]
[Site "http://www.queenalice.com/game.php?id=789089"]
[Date "2010.6.12"]
[Round "3"]
[White "doomedbr"]
[Black "levi"]
[Result "1-0"]
[WhiteElo "2244"]
[BlackElo "2300"]

1. e4 e5 2. Nf3 Nc6 3. Nc3 Nf6 4. Bb5 Nd4 5. Ba4 Bc5 6. Nxe5 O-O 7. Nd3 Bb6 8.
e5 Ne8 9. O-O d6 10. Re1 Bf5 11. exd6 c6 12. Ne5 Nxd6 13. d3 f6 14. Ng4 Re8 15.
Rxe8+ Qxe8 16. Bf4 Rd8 17. Bb3+ Nxb3 18. axb3 Qg6 19. Ne3 Be6 20. h4 Nf5 21. h5
Qe8 22. Nxf5 Bxf5 23. Qf3 Qd7 24. h6 Bg4 25. Qg3 Bd4 26. Ra4 c5 27. hxg7 f5 28.
Kh2 b5 29. Ra5 b4 30. Nb5 Bxb2 31. f3 a6 32. Nd6 Bh5 33. Qg5 Bg6 34. Rxa6 Bxg7
35. Nxf5 Re8 36. Nxg7 1-0